Top 14 Atheist Countries - Statistics

General Stats
  • This quiz has been taken 406 times
  • The average score is 9 of 14
Answer Stats
Hint Answer % Correct
47%, Buddhist, Taoist China
94%
31%, Buddhist-Shinto Japan
89%
29%, Christian France
74%
15%, Christian Germany
71%
15%, Christian, Buddhist South Korea
71%
9%, Christian Canada
66%
14%, Christian Netherlands
63%
10%, Christian Australia
57%
10%, Christian Austria
52%
30%, Christian Czech Republic
51%
9%, Christian Switzerland
51%
9%, Christian Spain
49%
10%, Christian Iceland
48%
10%, Christian Ireland
43%
No matching quizzes found
Score Distribution
Percent of People with Each Score
Percentile by Number Answered
Your Score History
You have not taken this quiz